000 00258nam a22001217a 4500
008 170614b xxu||||| |||| 00| 0 eng d
041 _aeng
080 _27TH
_a328
100 _a19
101 _aSHP
245 _aWE THE PEOPLE
_cGINSBERG,B
942 _2udc
_cBK
999 _c17291
_d17291